Journey to the Pole / (Record no. 2718)

MARC details
000 -LEADER
fixed length control field 01705cam a22003013a 4500
005 - DATE AND TIME OF LATEST TRANSACTION
control field 20250903103737.0
020 ## - INTERNATIONAL STANDARD BOOK NUMBER
International Standard Book Number 0439163870 (pbk.)
020 ## - INTERNATIONAL STANDARD BOOK NUMBER
International Standard Book Number 078073004508
040 ## - CATALOGING SOURCE
Original cataloging agency EOW
Transcribing agency EOW
Modifying agency OCL
-- DLC
Language of cataloging eng
050 00 - LIBRARY OF CONGRESS CALL NUMBER
Classification number PZ7.L384
082 ## - DEWEY DECIMAL CLASSIFICATION NUMBER
Classification number 813
100 1# - MAIN ENTRY--PERSONAL NAME
Personal name Lerangis, Peter
245 10 - TITLE STATEMENT
Title Journey to the Pole /
Statement of responsibility, etc. Peter Lerangis
250 ## - EDITION STATEMENT
Edition statement First Scholastic printing, June 2000
260 ## - PUBLICATION, DISTRIBUTION, ETC.
Place of publication, distribution, etc. New York :
Name of publisher, distributor, etc. Scholastic,
Date of publication, distribution, etc. 2000
300 ## - PHYSICAL DESCRIPTION
Extent 242 pages ;
Dimensions 20 cm.
490 0# - SERIES STATEMENT
Series statement Antarctica
500 ## - GENERAL NOTE
General note "An Apple paperback."
505 ## - FORMATTED CONTENTS NOTE
Formatted contents note N
520 ## - SUMMARY, ETC.
Summary, etc. A father and his sons embark on a perilous trek to the ends of the earth<br/><br/>It is May 1909, and the race to the South Pole is on. For years, Jack Winslow has dreamed of conquering the frozen wasteland, but just before he sets sail, his wife dies suddenly. Rather than cancel the voyage, he brings his two grief-stricken sons, Colin and Andrew, on the adventure of a lifetime.<br/><br/>Although the teenagers have read widely of the Antarctic and the icy, unforgiving sea that surrounds it, no book could prepare them for the journey ahead. Killer whales, temperatures as low as �??100° F, and deadly crushing ice floes are only the beginning of their troubles. To survive this trip, the Winslows will have to set aside their grief and come together as a family.<br/><br/>This ebook features an illustrated biography of Peter Lerangis including rare photos and never-before-seen documents from the author's personal collection.
521 ## - TARGET AUDIENCE NOTE
Target audience note 590
Source Lexile
521 ## - TARGET AUDIENCE NOTE
Target audience note N
Source Raz-Plus
650 #0 - SUBJECT ADDED ENTRY--TOPICAL TERM
Topical term or geographic name entry element Adventure stories.
655 #7 - INDEX TERM--GENRE/FORM
Genre/form data or focus term Adventure fiction.
Source of term gsafd
906 ## - LOCAL DATA ELEMENT F, LDF (RLIN)
a 7
b cbc
c copycat
d 2
e ncip
f 20
g y-genrareb
942 ## - ADDED ENTRY ELEMENTS (KOHA)
Source of classification or shelving scheme Dewey Decimal Classification
Koha item type Books
Suppress in OPAC No
999 ## -
-- 2718
-- 2718
Holdings
Withdrawn status Lost status Source of classification or shelving scheme Damaged status Not for loan Collection Home library Current library Shelving location Date acquired Total Checkouts Full call number Barcode Date last seen Date last checked out Price effective from Koha item type
    Dewey Decimal Classification     Juvenile Fiction Footprints International School Library Network Toul Tom Poung Campus Footprints International School Library Network Toul Tom Poung Campus   01/11/2024 1 LER 813 PZ7.L384 FIS00960 02/29/2024 02/06/2024 01/11/2024 Books